000 00858cam a2200265 a 4500
005 20260322212059.0
008 data
010 _a 84045174
020 _a0553050672 :
_c{dollar}19.95 ({dollar}17.95 U.S.)
020 _a9780553050677 :
_c{dollar}19.95 ({dollar}17.95 U.S.)
040 _aDLC
_cDLC
_dDLC
043 _an-us---
050 0 0 _aHD9710.U52
_bI25 1984
082 0 0 _aB
_aB
_219
100 1 _aIacocca, Lee A.
245 1 0 _aIacocca :
_ban autobiography /
_cLee A. Iacocca & William Novak.
260 _aNew York :
_aNew York :
_bBantam Books,
_cc1984.
300 _axv, 352 p., [16] p. of plates :
_bill. ;
_c24 cm.
500 _aIncludes index.
600 1 0 _aIacocca, Lee A.
650 0 _aAutomobile industry and trade
_zUnited States
_xBiography.
650 0 _aBusinesspeople
_zUnited States
_xBiography.
700 1 _aNovak, William.
001 data
999 _c1421
_d1421